Catálogo público

Propuesta de una planta agroindustrial de productos lácteos en la región de el Rosario, Sonora / (Record no. 177593)

MARC details
000 -CABECERA
campo de control de longitud fija 02731nam a2200517Ia 4500
001 - NÚMERO DE CONTROL
campo de control dia_6487
003 - IDENTIFICADOR DEL NÚMERO DE CONTROL
campo de control CHAP
005 - FECHA Y HORA DE LA ÚLTIMA TRANSACCIÓN
campo de control 20241111133045.0
007 - CAMPO FIJO DE DESCRIPCIÓN FÍSICA--INFORMACIÓN GENERAL
campo de control de longitud fija ta
008 - DATOS DE LONGITUD FIJA--INFORMACIÓN GENERAL
campo de control de longitud fija 220117s2016 mx bdeofr 001 0 spa d
040 ## - FUENTE DE LA CATALOGACIÓN
Centro/agencia transcriptor CHAP
Centro catalogador/agencia de origen mxchpua
090 ## - LOCALMENTE ASIGNADO TIPO-LC NÚMERO DE CLASIFICACIÓN (OCLC); NÚMERO DE CLASIFICACIÓN LOCAL (RLIN)
Número de clasificación (OCLC) (R) ; Numero de clasificación, CALL (RLIN) (NR) T.C.736
Número cutter local (OCLC) ; Número de libro/Signatura topográfica íntegra, CALL (RLIN) L67 EIUPA
Año 2017
245 10 - MENCIÓN DE TÍTULO
Título Propuesta de una planta agroindustrial de productos lácteos en la región de el Rosario, Sonora /
Mención de responsabilidad, etc. coordinador Vicente López Bautista ; colaboradores Joel Cruz Cruz...[et al.]
260 ## - PUBLICACIÓN, DISTRIBUCIÓN, ETC.
Lugar de publicación, distribución, etc. México :
Nombre del editor, distribuidor, etc. El autor,
Fecha de publicación, distribución, etc. 2016
300 ## - DESCRIPCIÓN FÍSICA
Extensión cerca 100 hojas :
Otras características físicas mapas, gráficas, diagramas, tablas, fotos, planos +
Material acompañante/anejo 1 CD-ROM
336 ## - TIPO DE CONTENIDO
Fuente rdacontent
Término de tipo de contenido texto
Código de tipo de contenido txt
337 ## - TIPO DE MEDIO
Fuente rdamedia
Nombre/término del tipo de medio no mediado
Código del tipo de medio n
338 ## - TIPO DE SOPORTE
Fuente rdacarrier
Nombre/término del tipo de soporte volumen
Código del tipo de soporte nc
500 ## - NOTA GENERAL
Nota general 7° año Grupo 3 --<br/>El CD contiene reporte y planos
502 ## - NOTA DE TESIS
Nota de tesis Viaje de Estudios
Tipo de título (EIUPA) --
Nombre de la institución que otorga el título UACh. Departamento de Ingeniería Agroindustrial,
Año de obtención del título 2016
504 ## - NOTA DE BIBLIOGRAFÍA, ETC.
Nota de bibliografía, etc. Incluye bibliografía
505 ## - NOTA DE CONTENIDO CON FORMATO
Nota de contenido con formato 5 planos --<br/>1. Plano de distribución de áreas (Esc. 1:100) -- <br/>2. Plano de distribución de equipo -- <br/>3. Diagrama de recorrido -- <br/>4. Plano de iluminación (Esc. 1:100) -- <br/>5. Plano de distribución de motores (Esc. 1:100)
650 10 - PUNTO DE ACCESO ADICIONAL DE MATERIA--TÉRMINO DE MATERIA
Término de materia o nombre geográfico como elemento de entrada Industria lechera
Subdivisión geográfica México
-- Sonora
9 (RLIN) 147028
650 10 - PUNTO DE ACCESO ADICIONAL DE MATERIA--TÉRMINO DE MATERIA
Término de materia o nombre geográfico como elemento de entrada Iniciativa empresarial
Subdivisión geográfica México
9 (RLIN) 152317
650 13 - PUNTO DE ACCESO ADICIONAL DE MATERIA--TÉRMINO DE MATERIA
Término de materia o nombre geográfico como elemento de entrada Productos lácteos
9 (RLIN) 92124
650 10 - PUNTO DE ACCESO ADICIONAL DE MATERIA--TÉRMINO DE MATERIA
Término de materia o nombre geográfico como elemento de entrada Dairy industry
Subdivisión geográfica Mexico
-- Sonora
9 (RLIN) 147026
650 13 - PUNTO DE ACCESO ADICIONAL DE MATERIA--TÉRMINO DE MATERIA
Término de materia o nombre geográfico como elemento de entrada Dairy products
9 (RLIN) 147027
650 10 - PUNTO DE ACCESO ADICIONAL DE MATERIA--TÉRMINO DE MATERIA
Término de materia o nombre geográfico como elemento de entrada Entrepreneurship
Subdivisión geográfica Mexico
9 (RLIN) 152316
700 1# - PUNTO DE ACCESO ADICIONAL--NOMBRE DE PERSONA
Nombre de persona López Bautista, Vicente
9 (RLIN) 147030
Término indicativo de función/relación coordinador
700 1# - PUNTO DE ACCESO ADICIONAL--NOMBRE DE PERSONA
Nombre de persona Cruz Cruz, Joel
9 (RLIN) 152233
Término indicativo de función/relación colaborador
856 41 - LOCALIZACIÓN Y ACCESO ELECTRÓNICOS
Identificador Uniforme del Recurso <a href="http://10.13.5.2/ve/TC736_EIUPA/TC736_EIUPA_2017-PLANO_DE_DISTRIBUCION_DE_AREAS.pdf">http://10.13.5.2/ve/TC736_EIUPA/TC736_EIUPA_2017-PLANO_DE_DISTRIBUCION_DE_AREAS.pdf</a>
Texto de enlace DESCARGAR PLANO DE DISTRIBUCIÓN DE ÁREAS
856 41 - LOCALIZACIÓN Y ACCESO ELECTRÓNICOS
Identificador Uniforme del Recurso <a href="http://10.13.5.2/ve/TC736_EIUPA/TC736_EIUPA_2017-PLANO_DE_DISTRIBUCION_DE_EQUIPOS.pdf">http://10.13.5.2/ve/TC736_EIUPA/TC736_EIUPA_2017-PLANO_DE_DISTRIBUCION_DE_EQUIPOS.pdf</a>
Texto de enlace DESCARGAR PLANO DE DISTRIBUCIÓN DE EQUIPO
856 41 - LOCALIZACIÓN Y ACCESO ELECTRÓNICOS
Identificador Uniforme del Recurso <a href="http://10.13.5.2/ve/TC736_EIUPA/TC736_EIUPA_2017-DIAGRAMA_DE_RECORRIDO.pdf">http://10.13.5.2/ve/TC736_EIUPA/TC736_EIUPA_2017-DIAGRAMA_DE_RECORRIDO.pdf</a>
Texto de enlace DESCARGAR DIAGRAMA DE RECORRIDO
856 41 - LOCALIZACIÓN Y ACCESO ELECTRÓNICOS
Identificador Uniforme del Recurso <a href="http://10.13.5.2/ve/TC736_EIUPA/TC736_EIUPA_2017-PLANO_DE_ILUMINACION.pdf">http://10.13.5.2/ve/TC736_EIUPA/TC736_EIUPA_2017-PLANO_DE_ILUMINACION.pdf</a>
Texto de enlace DESCARGAR PLANO DE ILUMINACIÓN
856 41 - LOCALIZACIÓN Y ACCESO ELECTRÓNICOS
Identificador Uniforme del Recurso <a href="http://10.13.5.2/ve/TC736_EIUPA/TC736_EIUPA_2017-PLANO_DE_DISTRIBUCION_DE_MOTORES.pdf">http://10.13.5.2/ve/TC736_EIUPA/TC736_EIUPA_2017-PLANO_DE_DISTRIBUCION_DE_MOTORES.pdf</a>
Texto de enlace DESCARGAR PLANO DE DISTRIBUCIÓN DE MOTORES
856 41 - LOCALIZACIÓN Y ACCESO ELECTRÓNICOS
Identificador Uniforme del Recurso <a href="http://10.13.5.2/ve/TC736_EIUPA/TC736_EIUPA_2017-VAPOR.pdf">http://10.13.5.2/ve/TC736_EIUPA/TC736_EIUPA_2017-VAPOR.pdf</a>
Texto de enlace DESCARGAR PLANO DE VAPOR
856 41 - LOCALIZACIÓN Y ACCESO ELECTRÓNICOS
Identificador Uniforme del Recurso <a href="http://10.13.5.2/ve/TC736EIUPA/TC736EIUPA2017-REPORTE.pdf">http://10.13.5.2/ve/TC736EIUPA/TC736EIUPA2017-REPORTE.pdf</a>
Texto de enlace DESCARGAR REPORTE
942 ## - ELEMENTOS DE PUNTO DE ACCESO ADICIONAL (KOHA)
Fuente del sistema de clasificación o colocación Clasificación Universidad Autónoma de Chapingo
530 ## - NOTA DE FORMATO FÍSICO ADICIONAL DISPONIBLE
Nota de formato físico adicional disponible Disponible en PDF
901 ## - ELEMENTOS DE DATOS A LOCAL LDA (RLIN)
a T.C.736 L67 EIUPA 2017
902 ## - ELEMENTOS DE DATOS B LOCAL, LDB (RLIN)
a M
905 ## - ELEMENTOS DE DATOS E LOCAL, LDE (RLIN)
a 5232272016 mx dmel8223123322spa16
942 ## - ELEMENTOS DE PUNTO DE ACCESO ADICIONAL (KOHA)
Tipo de ítem Koha Viaje de Estudios
Holdings
Estado de retiro Estado de pérdida Fuente del sistema de clasificación o colocación Estado dañado Restricciones de uso No para préstamo Código de colección Localización permanente Ubicación/localización actual Fecha de adquisición Fuente de adquisición Total de préstamos Signatura topográfica completa Código de barras Fecha visto por última vez Fecha del último préstamo Número de copia Precio válido a partir de Tipo de ítem Koha Ubicación en estantería
    Clasificación Universidad Autónoma de Chapingo   Préstamo 5 días   Viajes de Estudio Ingenieria Agroindustrial Ingenieria Agroindustrial 18/01/2022 El autor 1 T.C.736 L67 EIUPA 2017 1106010539 21/05/2024 21/05/2024 Ej. 4 18/01/2022 CD  
    Clasificación Universidad Autónoma de Chapingo   Préstamo interno   Viajes de Estudio Ingenieria Agroindustrial Ingenieria Agroindustrial 18/01/2022 El autor   T.C.736 L67 EIUPA 2017 1106010536 26/01/2026   Ej. 1 18/01/2022 Viaje de Estudios  
    Clasificación Universidad Autónoma de Chapingo   Préstamo 5 días   Viajes de Estudio Ingenieria Agroindustrial Ingenieria Agroindustrial 18/01/2022 El autor 2 T.C.736 L67 EIUPA 2017 1106010537 26/01/2026 22/05/2024 Ej. 2 18/01/2022 Viaje de Estudios  
    Clasificación Universidad Autónoma de Chapingo   Préstamo interno   Viajes de Estudio Ingenieria Agroindustrial Ingenieria Agroindustrial 18/01/2022 El autor   T.C.736 L67 EIUPA 2017 1106010538 18/01/2022   Ej. 3 18/01/2022 CD  
    Clasificación Universidad Autónoma de Chapingo       Viajes de estudio - En línea Ingenieria Agroindustrial Ingenieria Agroindustrial 08/05/2024 El autor   T.C.736 L67 EIUPA 2017 1206010536 08/05/2024     08/05/2024 Viajes de Estudio - En línea En línea